|
|
|
|
| LEADER |
00000nam a2200000 4500 |
| 003 |
AR-RoUNA |
| 008 |
140605m19921985s ||||f |||| 00| 0 spa d |
| 040 |
|
|
|a AR-RoUNA
|
| 080 |
|
|
|a 378.1
|
| 092 |
|
|
|c 378.1
|l Un58
|s Dir
|
| 110 |
2 |
|
|a Universidad Nacional de Rosario
|b Facultad de Arquitectura, Planeamiento y Diseño
|9 28
|
| 245 |
1 |
0 |
|a Reglamento de Carrera Docente :
|b anexo unico Carrera Docente. Ordenanza nro 528 /
|c Facultad de Arquitectura, Planeamiento y Diseño
|
| 260 |
|
|
|a Rosario :
|b Secretaria de Investigaciones,
|c 1992
|
| 300 |
|
|
|a 16 p. :
|c 21 cm
|
| 501 |
|
|
|a Disposiciones complementarias del Reglamento de Concursos de la Facultad de Arquitectura, Planeamiento y Diseño : aprobado por Resolucion C.S.P. Nro 227/85. Resolucion Nro 166/85, FAPyD. Fdo. Arq. Adolfo S. Fenner
|
| 610 |
2 |
|
|a Universidad Nacional de Rosario
|b Facultad de Arquitectura, Planeamiento y Diseño
|9 29
|
| 650 |
|
4 |
|a Reglamentos Carrera Docente
|9 30
|
| 908 |
|
|
|a Imp
|
| 930 |
|
|
|e 10458
|
| 942 |
|
|
|2 udc
|c LIB
|
| 945 |
|
|
|a MTC
|d 2014-06-05
|
| 999 |
|
|
|c 5858
|d 5858
|